000 00445nam a22001697a 4500
005 20180530121405.0
008 160521b xxu||||| |||| 00| 0 eng d
020 _a9788125916543
041 _aeng
082 _b3894
_a519.5
100 _aGupta C.B. & Gupta Vijay
_9982
245 _aAn Introduction to Statistical Methods
260 _aNew Delhi
_bVikas Publishing House (P) Ltd.
300 _a829
650 _aManagement
_9241
942 _cBK
999 _c1337
_d1337